Experiences of reporting family violence among LGBTQ + adults in Australia: findings from the Private Lives 3 national survey
Purpose: LGBTQ + people who have experienced intimate partner violence (IPV) and family of origin violence (FOV) are known to face significant barriers to reporting or seeking support for these experiences and may not always feel supported when do so. Method: Data from 4,607 participants of a nation...
| Autores principales: | ; ; ; ; ; ; |
|---|---|
| Tipo de documento: | Electrónico Artículo |
| Lenguaje: | Inglés |
| Publicado: |
2025
|
| En: |
Journal of family violence
Año: 2025, Volumen: 40, Número: 1, Páginas: 197-207 |
| Acceso en línea: |
Volltext (kostenfrei) Volltext (kostenfrei) |
| Verificar disponibilidad: | HBZ Gateway |
| Palabras clave: |
MARC
| LEADER | 00000caa a22000002c 4500 | ||
|---|---|---|---|
| 001 | 1941074391 | ||
| 003 | DE-627 | ||
| 005 | 20260430025013.0 | ||
| 007 | cr uuu---uuuuu | ||
| 008 | 251113s2025 xx |||||o 00| ||eng c | ||
| 024 | 7 | |a 10.1007/s10896-023-00612-9 |2 doi | |
| 035 | |a (DE-627)1941074391 | ||
| 035 | |a (DE-599)KXP1941074391 | ||
| 040 | |a DE-627 |b ger |c DE-627 |e rda | ||
| 041 | |a eng | ||
| 084 | |a 2,1 |2 ssgn | ||
| 100 | 1 | |a Amos, Natalie |e VerfasserIn |0 (orcid)0000-0001-6558-2580 |4 aut | |
| 245 | 1 | 0 | |a Experiences of reporting family violence among LGBTQ + adults in Australia |b findings from the Private Lives 3 national survey |c Natalie Amos, Adam O Hill, Matthew Parsons, Stephanie Lusby, Anthony Lyons, Marina Carman, Adam Bourne |
| 264 | 1 | |c 2025 | |
| 336 | |a Text |b txt |2 rdacontent | ||
| 337 | |a Computermedien |b c |2 rdamedia | ||
| 338 | |a Online-Ressource |b cr |2 rdacarrier | ||
| 500 | |a Literaturverzeichnis: Seite 206-207 | ||
| 520 | |a Purpose: LGBTQ + people who have experienced intimate partner violence (IPV) and family of origin violence (FOV) are known to face significant barriers to reporting or seeking support for these experiences and may not always feel supported when do so. Method: Data from 4,607 participants of a nationwide survey of LGBTQ + adults in Australia who indicated having ever experienced IPV or FOV was analysed. Multivariable logistic regression analyses were conducted to identify factors associated with reporting the most recent experience of IPV or FOV and with feeling supported when reporting. Results: In total, 1,188 (25.9%) participants indicated that they reported their most recent experience of IPV or FOV and 1,112 (84.6%) of those felt supported. Participants’ sexual orientation, level of education, engagement with a regular general practitioner (GP), experience of homelessness and country of birth were associated with reporting their most recent experience of IPV or FOV. Of those who reported their experience, participants were most likely to feel supported if they had a regular GP and least likely to feel supported if they had ever experienced homelessness. Conclusion: The findings of this study highlight inadequacies in family violence frameworks in promoting or facilitating access to services that could benefit this population. Encouraging LGBTQ + people to engage with a regular GP, establishing family violence services that cater to the specific needs of LGBTQ + people, and training family violence responders and service providers to recognise diverse relationship dynamics may improve support outcomes for LGBTQ + survivors of family violence. | ||
| 650 | 4 | |a domestic violence | |
| 650 | 4 | |a Family Violence | |
| 650 | 4 | |a Intimate Partner Violence | |
| 650 | 4 | |a LGBTQ+ | |
| 650 | 4 | |a Reporting violence | |
| 700 | 1 | |a Hill, Adam O. |e VerfasserIn |4 aut | |
| 700 | 1 | |8 1\p |a Parsons, Matthew |d 1967- |e VerfasserIn |0 (DE-588)173732070 |0 (DE-627)698637909 |0 (DE-576)134573080 |4 aut | |
| 700 | 1 | |a Lusby, Stephanie |e VerfasserIn |4 aut | |
| 700 | 1 | |a Lyons, Anthony |e VerfasserIn |4 aut | |
| 700 | 1 | |a Carman, Marina |e VerfasserIn |4 aut | |
| 700 | 1 | |a Bourne, Adam |e VerfasserIn |0 (DE-588)1242920889 |0 (DE-627)1773170686 |4 aut | |
| 773 | 0 | 8 | |i Enthalten in |t Journal of family violence |d Getzville, NY : HeinOnline, 1986 |g 40(2025), 1, Seite 197-207 |h Online-Ressource |w (DE-627)320574547 |w (DE-600)2016884-6 |w (DE-576)121465950 |x 1573-2851 |7 nnas |
| 773 | 1 | 8 | |g volume:40 |g year:2025 |g number:1 |g pages:197-207 |
| 856 | |u https://link.springer.com/content/pdf/10.1007/s10896-023-00612-9.pdf |x unpaywall |z Vermutlich kostenfreier Zugang |h publisher [deprecated] | ||
| 856 | 4 | 0 | |u https://doi.org/10.1007/s10896-023-00612-9 |x Resolving-System |z kostenfrei |3 Volltext |7 0 |
| 856 | 4 | 0 | |u https://link.springer.com/article/10.1007/s10896-023-00612-9 |x Verlag |z kostenfrei |3 Volltext |7 0 |
| 883 | |8 1\p |a cgwrk |d 20260401 |q DE-101 |u https://d-nb.info/provenance/plan#cgwrk | ||
| 951 | |a AR | ||
| ELC | |a 1 | ||
| LOK | |0 000 xxxxxcx a22 zn 4500 | ||
| LOK | |0 001 4804293302 | ||
| LOK | |0 003 DE-627 | ||
| LOK | |0 004 1941074391 | ||
| LOK | |0 005 20251113082127 | ||
| LOK | |0 008 251113||||||||||||||||ger||||||| | ||
| LOK | |0 040 |a DE-2619 |c DE-627 |d DE-2619 | ||
| LOK | |0 092 |o n | ||
| LOK | |0 852 |a DE-2619 | ||
| LOK | |0 852 1 |9 00 | ||
| LOK | |0 935 |a krzo | ||
| LOK | |0 939 |a 2025-11-13 |b l01 | ||
| OAS | |a 1 | ||
| ORI | |a WA-MARC-krimdoka001.raw | ||
